| 000 | 01008cam a22002055a 4500 | ||
|---|---|---|---|
| 001 | L156103 | ||
| 008 | 120430s1854 xxk f 000 0 eng d | ||
| 035 | _a(Sirsi) u156103 | ||
| 041 | 0 | _aeng | |
| 100 | 1 | _aRyde, Edward | |
| 245 | 0 | 2 |
_aA general text book for the constant use and reference of architects, engineers, surveyors, solicitors, auctioneers, land agents, and stewards in all their several and varied professional occupations _band for assistance and guidance of country gentlemen and others engaged in the transfer, management, or improvement of landed property ... _cby Edward Ryde ; to which are added several chapters on agriculture and landed property by Professor Donaldson |
| 260 |
_aLondon _bJohn Weale _c1854 |
||
| 300 |
_a1085 p., 14 (fold.) plates _bill. _c25 cm. |
||
| 583 |
_aCondition reviewed _c20120620 _lcondition level 1 |
||
| 651 | 4 |
_aGreat Britain _y1707- |
|
| 690 | _aDesign and specification | ||
| 690 |
_aRural _96268 |
||
| 700 | 1 |
_aDonaldson, John _d1799-1876 |
|
| 942 | _n0 | ||
| 999 |
_c114033 _d114033 |
||